[Event "CAN-ch w"]
[Site "Toronto CAN"]
[Date "2001.08.05"]
[Round "4"]
[White "Chichkina, Olya"]
[Black "Benggawan, Amanda"]
[Result "0-1"]
[WhiteElo "1983"]
[BlackElo "2004"]
[PlyCount "114"]
[GameId "2160767911555284"]
[EventDate "2001.08.04"]
[EventType "swiss"]
[EventRounds "6"]
[EventCountry "CAN"]

1. e4 c5 2. Nc3 Nc6 3. f4 g6 4. Nf3 Bg7 5. Bb5 Nd4 6. Nxd4 cxd4 7. Ne2 a6 8. Bc4 d6 9. d3 e6 10. O-O Ne7 11. g4 O-O 12. Ng3 Nc6 13. a3 d5 14. exd5 exd5 15. Ba2 Qh4 16. g5 Bg4 17. Qd2 Rad8 18. b4 Ne7 19. Bb2 Bh3 20. Rfe1 Rd7 21. Re2 Qg4 22. Kh1 h6 23. Rae1 Nc6 24. Rf2 hxg5 25. fxg5 Ne5 26. Qf4 Qxf4 27. Rxf4 Nc6 28. Rh4 Be6 29. Ne2 Ne5 30. Rf4 Nc6 31. Nxd4 Nxd4 32. Bxd4 Rc8 33. Bxg7 Kxg7 34. Rf2 Rc3 35. Bb3 b6 36. a4 Rd8 37. Kg2 Rh8 38. Kg3 Rd8 39. Re5 Rd7 40. Kf3 Rd6 41. h4 Rd8 42. Rh2 Rd7 43. h5 gxh5 44. Rxh5 Rd8 45. Ke2 Bg4+ 46. Kd2 Rxb3 47. Rh4 Rxb4 48. Re1 Rxa4 49. Reh1 b5 50. Rh7+ Kg6 51. Kc3 Rc8+ 52. Kd2 Ra2 53. Ke3 Ra4 54. d4 Re8+ 55. Kd3 Ra3+ 56. c3 Ra2 57. R1h2 Bf5# 0-1

[Event "CAN-ch w"]
[Site "Toronto CAN"]
[Date "2001.08.05"]
[Round "4"]
[White "Chu, Stefanie"]
[Black "Kagramanov, Dina"]
[Result "1-0"]
[WhiteElo "2099"]
[BlackElo "1938"]
[PlyCount "91"]
[GameId "2160767911555285"]
[EventDate "2001.08.04"]
[EventType "swiss"]
[EventRounds "6"]
[EventCountry "CAN"]

1. e4 c5 2. Nf3 e6 3. d4 cxd4 4. Nxd4 a6 5. Bd3 Nf6 6. O-O Qc7 7. c4 b6 8. Nc3 Bb7 9. Qe2 d6 10. f4 Nbd7 11. Nf3 Nc5 12. Bc2 Be7 13. a3 Rc8 14. b4 Ncd7 15. Bb2 Qxc4 16. Bd3 Qc7 17. Bxa6 Bxa6 18. Qxa6 O-O 19. Rac1 Qc4 20. Nb5 Nb8 21. Rxc4 Nxa6 22. Rfc1 Rxc4 23. Rxc4 Nb8 24. Nxd6 Bxd6 25. e5 Bxe5 26. Nxe5 Nd5 27. a4 f6 28. Nd3 Rd8 29. Kf2 Kf7 30. Ke2 Nd7 31. Kf3 Kg6 32. Ke4 Ra8 33. b5 h5 34. f5+ Kf7 35. fxe6+ Kxe6 36. Rc6+ Ke7 37. Kxd5 Rxa4 38. Rc4 Ra5 39. Kc6 Ra8 40. Re4+ Kd8 41. Re2 Ra4 42. Kd6 g5 43. Re7 Ne5 44. Nxe5 fxe5 45. Bxe5 Ra2 46. Rg7 1-0

[Event "CAN-ch w"]
[Site "Toronto CAN"]
[Date "2001.08.05"]
[Round "4"]
[White "Dobrishman, Liat"]
[Black "Mitrovic, Bojana"]
[Result "0-1"]
[WhiteElo "1841"]
[BlackElo "2171"]
[PlyCount "94"]
[GameId "2160767911555286"]
[EventDate "2001.08.04"]
[EventType "swiss"]
[EventRounds "6"]
[EventCountry "CAN"]

1. d4 g6 2. c4 Bg7 3. Nc3 c5 4. e3 cxd4 5. exd4 d6 6. Nf3 Nc6 7. Be3 Nh6 8. Be2 Nf5 9. Qd2 Bd7 10. O-O O-O 11. Rfd1 Rc8 12. Rab1 Nxe3 13. Qxe3 Bg4 14. h3 Bxf3 15. Bxf3 a6 16. Ne2 Re8 17. b3 Qc7 18. Qd3 e5 19. dxe5 dxe5 20. Bd5 Rcd8 21. Nc3 Nd4 22. Ne4 h6 23. Rd2 Kh8 24. Qg3 Kh7 25. b4 b5 26. Rxd4 f5 27. Rdd1 fxe4 28. Bxe4 Re6 29. c5 Rf8 30. Qg4 Qe7 31. Rd2 h5 32. Qxh5+ Bh6 33. Rd3 Rf4 34. Qe2 Qh4 35. Rd7+ Bg7 36. Bd5 Ref6 37. g3 Qg5 38. Qe3 Qf5 39. Rb2 Qxd7 40. gxf4 Qxd5 41. fxe5 Rf5 42. Rd2 Qxe5 43. Rd6 Rg5+ 44. Kf1 Qa1+ 45. Ke2 Re5 46. Rd1 Rxe3+ 47. fxe3 Qxa2+ 0-1

[Event "CAN-ch w"]
[Site "Toronto CAN"]
[Date "2001.08.05"]
[Round "4"]
[White "Khaziyeva, Dinara"]
[Black "Starr (Shterenberg), Nava"]
[Result "0-1"]
[WhiteElo "2261"]
[BlackElo "1998"]
[PlyCount "122"]
[GameId "2160767911555287"]
[EventDate "2001.08.04"]
[EventType "swiss"]
[EventRounds "6"]
[EventCountry "CAN"]

1. d4 Nf6 2. Nf3 g6 3. Nc3 d5 4. Bg5 Bg7 5. e3 O-O 6. Be2 c6 7. O-O Nbd7 8. Rc1 Re8 9. Bxf6 exf6 10. Bd3 f5 11. Ne2 Nf8 12. c4 dxc4 13. Bxc4 Be6 14. Qb3 Qb6 15. Bxe6 Nxe6 16. Qxb6 axb6 17. a3 Rad8 18. Rfd1 Nc7 19. Nc3 Nd5 20. g3 Nxc3 21. bxc3 Ra8 22. Ra1 b5 23. Rdb1 Ra4 24. Rb3 Rea8 25. Ne1 Bf8 26. Nc2 f6 27. Kf1 Kf7 28. Ke2 Ke6 29. Kd3 Bd6 30. Ra2 h5 31. h4 g5 32. hxg5 fxg5 33. Ra1 Rh8 34. Rh1 Be7 35. e4 fxe4+ 36. Kxe4 h4 37. f4 gxf4 38. gxf4 h3 39. Rh2 Rh4 40. Kf3 Bd6 41. Kg3 Bxf4+ 42. Kxh4 Bxh2 43. Kxh3 Bd6 44. Kg4 Kd5 45. c4+ bxc4 46. Rxb7 Bxa3 47. Kf5 Bd6 48. Rd7 Ra5 49. Nb4+ Kxd4+ 50. Ke6 Kc5 51. Nxc6 Kxc6 52. Rxd6+ Kc5 53. Ke5 Ra1 54. Rd5+ Kb4 55. Rd4 Kb3 56. Rd8 Re1+ 57. Kf4 c3 58. Rb8+ Kc2 59. Kf3 Rb1 60. Rc8 Rb3 61. Rh8 Kb2 0-1

[Event "CAN-ch w"]
[Site "Toronto CAN"]
[Date "2001.08.05"]
[Round "4"]
[White "Maric, Gordana"]
[Black "Rodina, Nataliya"]
[Result "1/2-1/2"]
[WhiteElo "1682"]
[BlackElo "1955"]
[PlyCount "61"]
[GameId "2160767911555288"]
[EventDate "2001.08.04"]
[EventType "swiss"]
[EventRounds "6"]
[EventCountry "CAN"]

1. e4 c5 2. Nf3 a6 3. d4 cxd4 4. Nxd4 Nf6 5. Nc3 e5 6. Nb3 Bb4 7. Qd3 d5 8. exd5 Qxd5 9. Bd2 Qxd3 10. Bxd3 O-O 11. Ne4 Bxd2+ 12. Nbxd2 Nbd7 13. O-O Nxe4 14. Nxe4 Nf6 15. Rfe1 Nxe4 16. Rxe4 f6 17. Rd1 Be6 18. Bc4 Bxc4 19. Rxc4 Rfd8 20. Rxd8+ Rxd8 21. Kf1 Rd7 22. Ke2 Kf7 23. f4 Re7 24. fxe5 fxe5 25. Ke3 Ke6 26. Ke4 Rf7 27. g3 Rf2 28. Rc7 Rxh2 29. Rxb7 Rxc2 30. Rb6+ Kf7 31. Kxe5 1/2-1/2

[Event "CAN-ch w"]
[Site "Toronto CAN"]
[Date "2001.08.05"]
[Round "4"]
[White "Smith, Hazel"]
[Black "Baltgailis, Vesma"]
[Result "1-0"]
[WhiteElo "1677"]
[BlackElo "1968"]
[PlyCount "77"]
[GameId "2160767911555290"]
[EventDate "2001.08.04"]
[EventType "swiss"]
[EventRounds "6"]
[EventCountry "CAN"]

1. e4 c5 2. Nf3 g6 3. d4 Bg7 4. Nc3 Qa5 5. a3 Nf6 6. Bd2 cxd4 7. Nxd4 Nc6 8. Nb3 Qd8 9. Bd3 O-O 10. O-O d6 11. Kh1 a6 12. f4 b5 13. Be3 Bb7 14. Qd2 d5 15. exd5 Nxd5 16. Nxd5 Qxd5 17. Rab1 Rad8 18. Qf2 e5 19. Be2 exf4 20. Bxf4 Qf5 21. Bd3 Qd5 22. Rfd1 Nd4 23. Be2 Qe4 24. Bd3 Qd5 25. Bf1 Qe4 26. Nc5 Qc6 27. Nxb7 Qxb7 28. Be3 Nf5 29. Bc5 Rfe8 30. c3 Rxd1 31. Rxd1 Bh6 32. Bd4 a5 33. Bc5 Qc6 34. Bd3 Rd8 35. Bb6 Rd5 36. Be2 Rxd1+ 37. Bxd1 Qd6 38. Bf3 b4 39. Bxa5 1-0

[Event "CAN-ch w"]
[Site "Toronto CAN"]
[Date "2001.08.05"]
[Round "5"]
[White "Benggawan, Alexandra"]
[Black "Rodina, Nataliya"]
[Result "1/2-1/2"]
[WhiteElo "1774"]
[BlackElo "1955"]
[PlyCount "54"]
[GameId "2160767911555291"]
[EventDate "2001.08.04"]
[EventType "swiss"]
[EventRounds "6"]
[EventCountry "CAN"]

1. e4 c5 2. Nf3 a6 3. c3 e6 4. d4 d5 5. e5 Nc6 6. Bd3 Qb6 7. O-O Nge7 8. b3 cxd4 9. cxd4 Bd7 10. Bb2 Ng6 11. Nc3 Nxd4 12. Nxd4 Qxd4 13. Bxg6 Qxd1 14. Bxf7+ Kxf7 15. Rfxd1 Bc5 16. Ne4 Be7 17. Rac1 Bc6 18. Nd6+ Bxd6 19. exd6 Rhd8 20. Be5 Kg8 21. Rd3 Rf8 22. Rg3 g6 23. Re3 Rad8 24. Bg3 Rfe8 25. Be5 Rf8 26. Bg3 Rfe8 27. Be5 Rf8 1/2-1/2

[Event "CAN-ch w"]
[Site "Toronto CAN"]
[Date "2001.08.06"]
[Round "5"]
[White "Baltgailis, Vesma"]
[Black "Chichkina, Olya"]
[Result "1-0"]
[WhiteElo "1968"]
[BlackElo "1983"]
[PlyCount "101"]
[GameId "2160767911555292"]
[EventDate "2001.08.04"]
[EventType "swiss"]
[EventRounds "6"]
[EventCountry "CAN"]

1. c4 e5 2. g3 Nf6 3. Bg2 c6 4. a3 d6 5. b4 g6 6. Bb2 Bg7 7. e4 O-O 8. Nc3 Na6 9. Nge2 Nc7 10. f4 exf4 11. Nxf4 Ng4 12. O-O Ne5 13. Qb3 Ne6 14. Nce2 Rb8 15. d4 Ng4 16. h3 Nf6 17. Rad1 Nxf4 18. Nxf4 Qc7 19. c5 dxc5 20. bxc5 b6 21. cxb6 Rxb6 22. Qc2 Ba6 23. Rfe1 Qb7 24. Bc3 Rb8 25. Bb4 Bf8 26. Bxf8 Kxf8 27. e5 Ne8 28. e6 f5 29. d5 cxd5 30. Nxd5 Rc6 31. Qf2 Qb2 32. Qxb2 Rxb2 33. Nb4 Rb6 34. e7+ Kf7 35. Bd5+ Kg7 36. Bc6 R2xb4 37. Bxe8 Rb3 38. Ba4 Bb7 39. Bxb3 Rxb3 40. Kf2 Rf3+ 41. Ke2 Be4 42. Rd7 Kh6 43. h4 Rb3 44. Rg1 Rb2+ 45. Ke3 Rb3+ 46. Kf4 Rf3+ 47. Ke5 Rd3 48. Kf6 f4 49. Rxa7 Rxg3 50. Ra5 Rg4 51. Rxg4 1-0

[Event "CAN-ch w"]
[Site "Toronto CAN"]
[Date "2001.08.06"]
[Round "5"]
[White "Benggawan, Amanda"]
[Black "Khaziyeva, Dinara"]
[Result "1/2-1/2"]
[WhiteElo "2004"]
[BlackElo "1998"]
[PlyCount "76"]
[GameId "2160767911555294"]
[EventDate "2001.08.04"]
[EventType "swiss"]
[EventRounds "6"]
[EventCountry "CAN"]

1. e4 e5 2. Nf3 d6 3. d4 Nf6 4. dxe5 Nxe4 5. Qd5 Nc5 6. Bg5 Be7 7. exd6 Qxd6 8. Qxd6 Bxd6 9. Nc3 a6 10. Bc4 O-O 11. O-O-O Bg4 12. Bd5 Nbd7 13. h3 Bh5 14. g4 Bg6 15. Nh4 Nf6 16. Nxg6 hxg6 17. Bg2 Rae8 18. Rhe1 Rxe1 19. Rxe1 c6 20. Be3 Ne6 21. Ne2 Bc5 22. Bxc5 Nxc5 23. Nc3 Re8 24. Rxe8+ Nxe8 25. Ne4 Nxe4 26. Bxe4 Nd6 27. Bg2 g5 28. Kd2 f6 29. Bf1 Kf7 30. Ke3 Ke6 31. f4 gxf4+ 32. Kxf4 g5+ 33. Ke3 Ke5 34. Bd3 c5 35. c3 Nc8 36. Be4 Nd6 37. Bd3 Nc8 38. Be4 Nd6 1/2-1/2

[Event "CAN-ch w"]
[Site "Toronto CAN"]
[Date "2001.08.06"]
[Round "5"]
[White "Kagramanov, Dina"]
[Black "Belc, Daniela"]
[Result "1/2-1/2"]
[WhiteElo "1938"]
[BlackElo "2198"]
[PlyCount "85"]
[GameId "2160767911555295"]
[EventDate "2001.08.04"]
[EventType "swiss"]
[EventRounds "6"]
[EventCountry "CAN"]

1. e4 c5 2. Nf3 Nc6 3. Bb5 g6 4. O-O Bg7 5. Re1 e5 6. c3 Nge7 7. Na3 d6 8. d4 O-O 9. dxc5 dxc5 10. Qc2 a6 11. Bxc6 Nxc6 12. Bg5 Qc7 13. Nc4 Be6 14. Ne3 f6 15. Bh4 Rad8 16. Nd2 Rd7 17. Nb3 b6 18. Qe2 Nb8 19. f3 Rfd8 20. c4 Rd6 21. Nd5 Bxd5 22. cxd5 c4 23. Nd2 b5 24. Bf2 Rc8 25. Rec1 Bh6 26. a4 Qa5 27. Be1 Qb6+ 28. Bf2 Qa5 29. Be1 Qd8 30. Rc3 Nc6 31. axb5 Nd4 32. Qd1 axb5 33. Kh1 Bxd2 34. Bxd2 Nb3 35. Ra2 b4 36. Re3 Qb6 37. Qe1 Nxd2 38. Qxd2 c3 39. bxc3 bxc3 40. Qc1 Rd7 41. Rc2 Rdc7 42. h3 Qd4 43. Re1 1/2-1/2

[Event "CAN-ch w"]
[Site "Toronto CAN"]
[Date "2001.08.06"]
[Round "5"]
[White "Mitrovic, Bojana"]
[Black "Bryskine, Marina"]
[Result "1/2-1/2"]
[WhiteElo "2171"]
[BlackElo "2052"]
[PlyCount "112"]
[GameId "2160767911555296"]
[EventDate "2001.08.04"]
[EventType "swiss"]
[EventRounds "6"]
[EventCountry "CAN"]

1. Nf3 d5 2. g3 c6 3. Bg2 Bg4 4. d4 Nf6 5. O-O Nbd7 6. c4 e6 7. b3 Bd6 8. Bb2 a5 9. Nc3 O-O 10. Nd2 Bc7 11. Qc2 Bf5 12. e4 dxe4 13. Ndxe4 Nxe4 14. Nxe4 Nf6 15. Nxf6+ Qxf6 16. Qd2 Rfd8 17. Rfe1 e5 18. d5 cxd5 19. cxd5 Qe7 20. Kh1 Bd6 21. Qe2 f6 22. Rac1 Rdc8 23. Rc4 Rxc4 24. bxc4 Qc7 25. Rc1 Rc8 26. Qf3 Bg6 27. Ba3 b6 28. Bh3 Rd8 29. Qb3 Bc5 30. Bxc5 Qxc5 31. Kg1 Kf8 32. Qe3 Qb4 33. Bf1 Rd6 34. a3 Qc5 35. Qxc5 bxc5 36. Rc3 Rb6 37. Kg2 Rb2 38. Kf3 Ke7 39. Ke3 Kd6 40. g4 Rb1 41. Bd3 Bxd3 42. Kxd3 Rb2 43. Ke3 a4 44. h4 Rb1 45. h5 Rb2 46. f3 g6 47. hxg6 hxg6 48. f4 f5 49. gxf5 gxf5 50. fxe5+ Kxe5 51. Kf3 Rb3 52. Re3+ Kd4 53. Rxb3 axb3 54. d6 b2 55. d7 Kxc4 56. Kg3 Kb3 1/2-1/2

[Event "CAN-ch w"]
[Site "Toronto CAN"]
[Date "2001.08.06"]
[Round "5"]
[White "Smith, Hazel"]
[Black "Brestoiu, Doina"]
[Result "1/2-1/2"]
[WhiteElo "1677"]
[BlackElo "2100"]
[PlyCount "142"]
[GameId "2160767911555297"]
[EventDate "2001.08.04"]
[EventType "swiss"]
[EventRounds "6"]
[EventCountry "CAN"]

1. e4 c5 2. Nf3 d6 3. d4 Nf6 4. Nc3 cxd4 5. Qxd4 Nc6 6. Bb5 Bd7 7. Bxc6 Bxc6 8. Bg5 Nd7 9. O-O-O Qb6 10. Qxb6 Nxb6 11. Rhe1 h6 12. Be3 Nc4 13. Kb1 Nxe3 14. Rxe3 O-O-O 15. Red3 f6 16. Nh4 g5 17. Nf5 Kb8 18. f3 Rc8 19. Nd4 Bd7 20. Nd5 Rh7 21. Rc3 Rxc3 22. Nxc3 Rf7 23. Nf5 Bc6 24. Ne2 Kc7 25. Ned4 Kd7 26. Nxc6 bxc6 27. c4 c5 28. Rd3 e6 29. Ne3 Kc6 30. Kc2 Rb7 31. Rb3 Rb6 32. Ra3 Kb7 33. Rb3 Bg7 34. Rxb6+ axb6 35. h3 h5 36. Kb3 Kc6 37. a4 Bh6 38. g4 hxg4 39. hxg4 Bf8 40. Kc2 Bg7 41. b3 Bf8 42. Kd3 Bg7 43. Ng2 Bh6 44. Ne3 Bg7 45. Nc2 Bf8 46. Na3 Be7 47. Nb5 Bf8 48. Nc3 Bg7 49. Ne2 Bh6 50. Ng3 Bf8 51. Nh5 Be7 52. Ng7 Kd7 53. Ke3 Bf8 54. Nh5 Ke7 55. Ng3 Kd7 56. Ne2 Bh6 57. Nc3 Kc6 58. Kd3 Bg7 59. Na2 Bf8 60. Kc3 Kb7 61. Nc1 Kc6 62. Nd3 d5 63. cxd5+ exd5 64. exd5+ Kxd5 65. Ne1 Bd6 66. Kd3 Be5 67. Ng2 Bd4 68. Ne1 Ke5 69. Ng2 Kd5 70. Ne1 Ke5 71. Ng2 Kd5 1/2-1/2

[Event "CAN-ch w"]
[Site "Toronto CAN"]
[Date "2001.08.06"]
[Round "5"]
[White "Starr (Shterenberg), Nava"]
[Black "Chu, Stefanie"]
[Result "1-0"]
[WhiteElo "2261"]
[BlackElo "2099"]
[PlyCount "49"]
[GameId "2160767911555298"]
[EventDate "2001.08.04"]
[EventType "swiss"]
[EventRounds "6"]
[EventCountry "CAN"]

1. e4 c5 2. c3 d5 3. exd5 Qxd5 4. d4 Nf6 5. Nf3 Bg4 6. Be2 e6 7. O-O Nc6 8. Be3 cxd4 9. cxd4 Bb4 10. Nc3 Qd6 11. h3 Bh5 12. Qb3 O-O 13. Rfd1 Nd5 14. Nxd5 exd5 15. Rac1 f5 16. a3 f4 17. Bd2 Bxd2 18. Rxd2 Rf7 19. Ng5 Rd7 20. Bxh5 Qh6 21. Bf7+ Kh8 22. h4 Qxh4 23. Nf3 Qf6 24. Bxd5 Na5 25. Qb5 1-0

[Event "CAN-ch w"]
[Site "Toronto CAN"]
[Date "2001.08.06"]
[Round "5"]
[White "Sviridovitch, Alina"]
[Black "Maric, Gordana"]
[Result "0-1"]
[WhiteElo "1777"]
[BlackElo "1682"]
[PlyCount "150"]
[GameId "2160767911555299"]
[EventDate "2001.08.04"]
[EventType "swiss"]
[EventRounds "6"]
[EventCountry "CAN"]

1. e4 c6 2. d4 d5 3. exd5 cxd5 4. c4 Nf6 5. Nc3 e6 6. Nf3 Be7 7. Qc2 O-O 8. cxd5 Nxd5 9. a3 Qa5 10. Bd2 Nc6 11. Bd3 h6 12. O-O Nxc3 13. bxc3 Qd8 14. Kh1 b6 15. Be4 Bb7 16. Ne5 Qc7 17. f4 Nxe5 18. fxe5 Rac8 19. Rf3 f5 20. exf6 Rxf6 21. Rxf6 Bxf6 22. Bxb7 Qxb7 23. Qg6 Qf7 24. Qe4 Qd7 25. Re1 Rc6 26. Qg4 Kf8 27. Rf1 Kf7 28. Qh5+ Ke7 29. Qg6 Qe8 30. Qh7 Qh5 31. Qe4 Qd5 32. Qh7 Qh5 33. Re1 Kf7 34. Qe4 Qd5 35. Kg1 Qxe4 36. Rxe4 Rc4 37. Re1 Ra4 38. Ra1 Rxd4 39. Be1 Rc4 40. Rd1 Ke7 41. Rc1 Bd4+ 42. Bf2 Rxc3 43. Rxc3 Bxc3 44. Kf1 Kd6 45. Ke2 Bb2 46. a4 Kc6 47. Kd3 a6 48. Kc4 b5+ 49. axb5+ axb5+ 50. Kb4 Bf6 51. Be3 Be7+ 52. Kb3 Kd5 53. Bc1 h5 54. Kc3 e5 55. Kd3 Bc5 56. Bb2 e4+ 57. Ke2 g6 58. Bc1 Kc4 59. Bg5 b4 60. Bc1 Kc3 61. Bd2+ Kb3 62. h3 Ka3 63. Bc1+ Ka2 64. Bd2 b3 65. Bc3 b2 66. Bxb2 Kxb2 67. Kd2 Kb3 68. g3 Kc4 69. g4 hxg4 70. hxg4 Bg1 71. g5 Kd4 72. Ke2 Ke5 73. Kf1 Bb6 74. Ke2 Kf4 75. Ke1 Kxg5 0-1

[Event "CAN-ch w"]
[Site "Toronto CAN"]
[Date "2001.08.06"]
[Round "5"]
[White "Trottier, Julie"]
[Black "Dobrishman, Liat"]
[Result "1-0"]
[WhiteElo "1971"]
[BlackElo "1841"]
[PlyCount "112"]
[GameId "2160767911555300"]
[EventDate "2001.08.04"]
[EventType "swiss"]
[EventRounds "6"]
[EventCountry "CAN"]

1. d4 d5 2. c4 e6 3. Nf3 Nf6 4. g3 c6 5. Bg2 Bd6 6. O-O O-O 7. Nc3 Nbd7 8. b3 b6 9. Bb2 Ba6 10. Nd2 Rc8 11. e4 dxe4 12. Ndxe4 Be7 13. Re1 Qc7 14. Rc1 Qb8 15. Nxf6+ Nxf6 16. Ne4 Rfd8 17. Qc2 Ne8 18. h4 h6 19. Qe2 Bb7 20. Rcd1 Qa8 21. c5 b5 22. Bc1 Nf6 23. Qf3 Rd7 24. Nxf6+ Bxf6 25. Qg4 Rcd8 26. Bxh6 Rxd4 27. Rxd4 Rxd4 28. Re4 Qd8 29. Be3 Rxe4 30. Bxe4 Kf8 31. h5 Qe7 32. h6 gxh6 33. Bxh6+ Ke8 34. Qg8+ Kd7 35. Qb8 Bc8 36. Qxa7+ Kd8 37. Qb6+ Qc7 38. Bxc6 Qxb6 39. cxb6 Ba6 40. Be3 b4 41. b7 Kc7 42. Bb6+ Kb8 43. Bc5 Bd8 44. Bxb4 Bd3 45. Bc5 Bc2 46. b4 Bc7 47. a4 Bxa4 48. Bxa4 Kxb7 49. Be8 f6 50. Be7 f5 51. Bd7 f4 52. gxf4 Bxf4 53. Bxe6 Bc7 54. Bg5 Kb6 55. Bd7 Bd6 56. b5 Bc5 1-0

[Event "CAN-ch w"]
[Site "Toronto CAN"]
[Date "2001.08.06"]
[Round "6"]
[White "Belc, Daniela"]
[Black "Smith, Hazel"]
[Result "1-0"]
[WhiteElo "2198"]
[BlackElo "1677"]
[PlyCount "65"]
[GameId "2160767911555301"]
[EventDate "2001.08.04"]
[EventType "swiss"]
[EventRounds "6"]
[EventCountry "CAN"]

1. d4 Nf6 2. c4 e6 3. Nf3 b6 4. a3 Bb7 5. Nc3 d6 6. d5 exd5 7. cxd5 Nbd7 8. e4 Be7 9. Be2 O-O 10. O-O Re8 11. Re1 Bf8 12. Bf1 g6 13. Bg5 Bg7 14. Rc1 Rc8 15. b4 a6 16. Nd4 b5 17. a4 bxa4 18. Qxa4 Ra8 19. Qc2 Rc8 20. Nc6 Bxc6 21. dxc6 Nb8 22. Nd5 Re5 23. Bh4 Re8 24. Rcd1 h6 25. e5 g5 26. exf6 Bxf6 27. Rxe8+ Kg7 28. Rxd8 Bxd8 29. Qc3+ Kg8 30. Qh3 Nd7 31. Qxd7 Ra8 32. Bc4 Rb8 33. Ne3 1-0

[Event "CAN-ch w"]
[Site "Toronto CAN"]
[Date "2001.08.06"]
[Round "6"]
[White "Brestoiu, Doina"]
[Black "Baltgailis, Vesma"]
[Result "1/2-1/2"]
[WhiteElo "2107"]
[BlackElo "2015"]
[PlyCount "83"]
[GameId "2160767911555302"]
[EventDate "2001.08.04"]
[EventType "swiss"]
[EventRounds "6"]
[EventCountry "CAN"]
[SourceTitle "EXT 2002"]
[Source "ChessBase"]
[SourceDate "2001.11.25"]
[SourceVersion "1"]
[SourceVersionDate "2001.11.25"]
[SourceQuality "1"]

1. e4 c5 2. Nf3 g6 3. d4 Bg7 4. c3 cxd4 5. Nxd4 Nc6 6. Be3 Nf6 7. Nd2 O-O 8. Be2 d6 9. O-O e5 10. N4b3 d5 11. Bc5 Re8 12. exd5 Nxd5 13. Ne4 Nf4 14. Bc4 b6 15. Be3 Be6 16. Bxe6 Nxe6 17. Qxd8 Raxd8 18. Rad1 f5 19. Ng5 f4 20. Nxe6 Rxd1 21. Rxd1 Rxe6 22. Bc1 g5 23. f3 Bf8 24. Re1 b5 25. Kf1 b4 26. Nd4 Nxd4 27. cxd4 Ra6 28. Rxe5 h6 29. Ke2 Rxa2 30. Kd3 Ra1 31. Re1 Ra6 32. h4 Kf7 33. hxg5 hxg5 34. Re5 Be7 35. b3 Ra2 36. Re2 Rxe2 37. Kxe2 Ke6 38. Kd3 Kd5 39. Bb2 a5 40. Ba1 Bd8 41. Bb2 Bb6 42. Ba1 1/2-1/2

[Event "CAN-ch w"]
[Site "Toronto CAN"]
[Date "2001.08.06"]
[Round "6"]
[White "Dobrishman, Liat"]
[Black "Chichkina, Olya"]
[Result "1/2-1/2"]
[WhiteElo "1841"]
[BlackElo "1983"]
[PlyCount "32"]
[GameId "2160767911555304"]
[EventDate "2001.08.04"]
[EventType "swiss"]
[EventRounds "6"]
[EventCountry "CAN"]

1. d4 d5 2. c4 e6 3. e3 Nf6 4. Nc3 c6 5. b3 Bd6 6. Nf3 Nbd7 7. Bb2 O-O 8. Be2 dxc4 9. bxc4 e5 10. d5 cxd5 11. cxd5 e4 12. Nd2 Re8 13. O-O Nb6 14. Qb3 Bb8 15. Rfd1 Qd6 16. Nf1 Ng4 1/2-1/2

[Event "CAN-ch w"]
[Site "Toronto CAN"]
[Date "2001.08.06"]
[Round "6"]
[White "Khaziyeva, Dinara"]
[Black "Kagramanov, Dina"]
[Result "1/2-1/2"]
[WhiteElo "1998"]
[BlackElo "1938"]
[PlyCount "42"]
[GameId "2160767911555306"]
[EventDate "2001.08.04"]
[EventType "swiss"]
[EventRounds "6"]
[EventCountry "CAN"]

1. c4 c6 2. Nf3 Nf6 3. Nc3 d5 4. d4 e6 5. cxd5 exd5 6. Bg5 Be7 7. Qc2 Bg4 8. Ne5 Bh5 9. e3 Nbd7 10. Nxd7 Qxd7 11. h3 O-O 12. Bd3 Bg6 13. Bxf6 Bxd3 14. Qxd3 Bxf6 15. O-O Be7 16. Rab1 f5 17. f4 Bh4 18. b4 b5 19. a4 a6 20. a5 Rae8 21. Rb3 Re6 1/2-1/2

[Event "CAN-ch w"]
[Site "Toronto CAN"]
[Date "2001.08.06"]
[Round "6"]
[White "Maric, Gordana"]
[Black "Benggawan, Alexandra"]
[Result "1/2-1/2"]
[WhiteElo "1682"]
[BlackElo "1774"]
[PlyCount "37"]
[GameId "2160767911555307"]
[EventDate "2001.08.04"]
[EventType "swiss"]
[EventRounds "6"]
[EventCountry "CAN"]

1. e4 e6 2. d4 d5 3. Nd2 c5 4. c3 Nc6 5. Ngf3 Nf6 6. e5 Nd7 7. Be2 Qb6 8. Nb3 cxd4 9. cxd4 f6 10. exf6 Nxf6 11. O-O Bd6 12. Be3 O-O 13. Ne5 Qc7 14. f4 Ne4 15. Bf3 b6 16. Rc1 Bb7 17. Qc2 Bxe5 18. fxe5 Qe7 19. a3 1/2-1/2

[Event "CAN-ch w"]
[Site "Toronto CAN"]
[Date "2001.08.06"]
[Round "6"]
[White "Mitrovic, Bojana"]
[Black "Starr (Shterenberg), Nava"]
[Result "1/2-1/2"]
[WhiteElo "2171"]
[BlackElo "2261"]
[PlyCount "82"]
[GameId "2160767911555308"]
[EventDate "2001.08.04"]
[EventType "swiss"]
[EventRounds "6"]
[EventCountry "CAN"]

1. Nf3 g6 2. g3 Bg7 3. d4 Nf6 4. Bg2 c5 5. O-O cxd4 6. Nxd4 Nc6 7. c4 O-O 8. Nc3 Qa5 9. Nc2 d6 10. e4 Qc5 11. b3 Bg4 12. Qe1 Qh5 13. f3 Bd7 14. Be3 Qa5 15. Nd5 Qxe1 16. Rfxe1 b6 17. Rad1 Rac8 18. Bg5 Rfe8 19. Nxf6+ exf6 20. Bf4 Be6 21. Rxd6 Na5 22. Re2 f5 23. exf5 Bxf5 24. Rxe8+ Rxe8 25. Ne3 Be6 26. Rd2 Nc6 27. Nd5 Bxd5 28. cxd5 Nd4 29. Bc7 Rc8 30. d6 Ne6 31. Bh3 f5 32. g4 Nxc7 33. dxc7 Rxc7 34. gxf5 g5 35. Bf1 Be5 36. Bc4+ Kg7 37. Rd8 Kf6 38. Rf8+ Kg7 39. Rg8+ Kf6 40. Rf8+ Kg7 41. Re8 Kf6 1/2-1/2

[Event "CAN-ch w"]
[Site "Toronto CAN"]
[Date "2001.08.06"]
[Round "6"]
[White "Rodina, Nataliya"]
[Black "Sviridovitch, Alina"]
[Result "1-0"]
[WhiteElo "1955"]
[BlackElo "1777"]
[PlyCount "79"]
[GameId "2160767911555309"]
[EventDate "2001.08.04"]
[EventType "swiss"]
[EventRounds "6"]
[EventCountry "CAN"]

1. e4 g6 2. d4 Bg7 3. Nc3 c6 4. Nf3 d6 5. a4 Nf6 6. Bc4 O-O 7. Bb3 Bg4 8. h3 Bxf3 9. Qxf3 e5 10. dxe5 dxe5 11. O-O Nbd7 12. Be3 Qe7 13. Rad1 h6 14. Rd2 Kh7 15. Rfd1 Ne8 16. Rxd7 Qb4 17. Na2 Qa5 18. Bd2 Qb6 19. Be3 c5 20. Rxf7 Nf6 21. Rxf8 Rxf8 22. Nc3 a6 23. Qe2 Qc6 24. Bd5 Qc7 25. Qc4 Nd7 26. Be6 Nf6 27. Qxc5 Qxc5 28. Bxc5 Re8 29. Bd5 Nxd5 30. Rxd5 Kg8 31. Rd7 Rc8 32. Bb4 b6 33. Rd6 Rb8 34. Rxg6 Kf7 35. Rc6 Ke8 36. Nd5 h5 37. Rxb6 Rxb6 38. Nxb6 Kd8 39. Bc3 Ke7 40. f4 1-0

[Event "CAN-op"]
[Site "Sackville CAN"]
[Date "2001.07.07"]
[Round "1"]
[White "Anderson, Ashton"]
[Black "Saunders, Stephen"]
[Result "1/2-1/2"]
[WhiteElo "1850"]
[BlackElo "2057"]
[PlyCount "82"]
[GameId "2160767911563954"]
[EventDate "2001.07.07"]
[EventType "swiss"]
[EventRounds "10"]
[EventCountry "CAN"]
[SourceTitle "EXT 2006"]
[Source "ChessBase"]
[SourceDate "2005.11.24"]
[SourceVersion "1"]
[SourceVersionDate "2005.11.24"]
[SourceQuality "1"]

1. e4 c5 2. Nf3 d6 3. Bb5+ Bd7 4. Bxd7+ Nxd7 5. O-O Ngf6 6. Re1 g6 7. c3 Bg7 8. d4 cxd4 9. cxd4 O-O 10. Nc3 a6 11. Qe2 e6 12. Bg5 Qa5 13. a4 Rac8 14. Rab1 Qb4 15. Rbd1 h6 16. Bh4 g5 17. Bg3 Nh5 18. e5 Nxg3 19. hxg3 d5 20. Rd3 Nb6 21. Qc2 Nc4 22. b3 Na5 23. Nd2 Rc6 24. Ree3 Rfc8 25. Qb2 Nc4 26. Nxc4 dxc4 27. Na2 Qb6 28. Rd1 Bf8 29. b4 c3 30. Rxc3 Rxc3 31. Nxc3 Qxb4 32. Qxb4 Bxb4 33. Ne4 Ba3 34. f4 Rc1 35. Rxc1 Bxc1 36. Kf2 b5 37. axb5 axb5 38. f5 b4 39. fxe6 fxe6 40. Nc5 Kf7 41. g4 Ke7 1/2-1/2